| 000 | 00402nam a22001577a 4500 | ||
|---|---|---|---|
| 005 | 20260313113637.0 | ||
| 008 | 260313b |||||||| |||| 00| 0 eng d | ||
| 041 | _aMar. | ||
| 082 |
_a891 _bBHI. |
||
| 100 |
_aBhishikar S. _9217145 |
||
| 245 | _aJitanjali | ||
| 260 |
_aPune _bShree J Printers Pra. Ltd. Pune _c2024 |
||
| 300 |
_a122p _bPB _c21.5 x 14 cm |
||
| 365 |
_aINR _b1.00 _cRupaye |
||
| 942 | _cDB | ||
| 999 |
_c370723 _d370723 |
||